[Event "Titled Tuesday intern op 17th Sep Late"]
[Site "Chess,com INT"]
[Date "2024.09.17"]
[Round "8"]
[White "Yagupov, Igor"]
[Black "Malakhov, Vladimir"]
[Result "1-0"]
[WhiteElo "2239"]
[BlackElo "2642"]
[PlyCount "155"]
[EventDate "2024.09.17"]
[EventType "swiss (blitz)"]
[EventRounds "11"]
[EventCountry "USA"]
[SourceTitle "EXT 2025"]
[Source "ChessBase"]
[SourceDate "2024.10.14"]
[SourceVersion "1"]
[SourceVersionDate "2024.10.14"]
[SourceQuality "1"]

1. e4 c5 2. Nf3 e6 3. d4 cxd4 4. Nxd4 a6 5. Bd3 Qc7 6. 0-0 Nf6 7. Nc3 d6 8. Re1 Nbd7 9. a4 b6 10. Bd2 Bb7 11. b4 Be7 12. f4 0-0 13. Kh1 Rfe8 14. Rb1 Bf8 15. Qf3 Rac8 16. Qh3 e5 17. fxe5 Nxe5 18. Rf1 Nfd7 19. Nd5 Bxd5 20. exd5 g6 21. Nc6 Nxc6 22. dxc6 Qxc6 23. Rxf7 Kxf7 24. Qxh7+ Bg7 25. Bxg6+ Ke6 26. Qxg7 Ne5 27. Bxe8 Rxe8 28. Qh7 Rf8 29. Qh3+ Rf5 30. Rf1 Qxc2 31. Qxf5+ Qxf5 32. Rxf5 Kxf5 33. h3 Nc4 34. g4+ Ke4 35. Be1 d5 36. h4 Ne5 37. g5 Kf5 38. Bf2 b5 39. axb5 axb5 40. Kg2 Kg4 41. Kf1 Kh5 42. Ke2 Nc6 43. Be1 Kg6 44. Ke3 Kf5 45. Kf3 Nd4+ 46. Kg3 Nb3 47. Kf3 Nd4+ 48. Kg3 Nb3 49. Kf2 Nd4 50. Bc3 Nc6 51. Bd2 d4 52. h5 Ne5 53. g6 Kf6 54. Ke2 Kg7 55. Bf4 Nc6 56. Bd6 Kh6 57. Kd3 Nd8 58. Bf4+ Kg7 59. Be5+ Kh6 60. Bxd4 Ne6 61. g7 Kh7 62. Ke4 Nd8 63. Kd5 Nf7 64. Ke6 Ng5+ 65. Ke7 Kg8 66. Bf6 Ne4 67. Be5 Nf2 68. Kd7 Nd3 69. Ba1 Nxb4 70. h6 Nd5 71. Ke6 Nf4+ 72. Ke7 Ng6+ 73. Ke8 b4 74. h7+ Kxh7 75. Kf7 Ne7 76. Kxe7 Kg8 77. Kf6 b3 78. Bb2 1-0

[Event "Titled Tuesday intern op 10th Sep Late"]
[Site "Chess,com INT"]
[Date "2024.09.10"]
[Round "9"]
[White "Craciun, Sasha Matei"]
[Black "Malakhov, Vladimir"]
[Result "0-1"]
[WhiteElo "2212"]
[BlackElo "2642"]
[PlyCount "102"]
[EventDate "2024.09.10"]
[EventType "swiss (blitz)"]
[EventRounds "11"]
[EventCountry "USA"]
[SourceTitle "EXT 2025"]
[Source "ChessBase"]
[SourceDate "2024.10.14"]
[SourceVersion "1"]
[SourceVersionDate "2024.10.14"]
[SourceQuality "1"]

1. e4 c5 2. Nf3 e6 3. g3 Nc6 4. Bg2 d6 5. d4 cxd4 6. Nxd4 Bd7 7. 0-0 Nf6 8. Nc3 Be7 9. Be3 0-0 10. h3 Nxd4 11. Bxd4 Bc6 12. a4 Nd7 13. a5 Qc7 14. Qd2 f5 15. exf5 Bxg2 16. Kxg2 Rxf5 17. Rae1 Qc6+ 18. Kg1 d5 19. f4 Bc5 20. Kg2 Re8 21. Re3 b5 22. axb6 Qxb6 23. Bxc5 Qxc5 24. Re2 Nb6 25. Rfe1 Nc4 26. Qc1 d4 27. Ne4 Qc6 28. Kh2 Ne3 29. Nd2 Rh5 30. h4 Rc5 31. c3 Ng4+ 32. Kh3 dxc3 33. Kxg4 cxd2 34. Qxd2 e5 35. Kh3 e4 36. b4 Rc4 37. Rd1 h5 38. Kh2 Kh7 39. f5 e3 40. Qd3 Rc3 41. Qb1 Qf3 42. f6+ Kh6 43. Rde1 Qxf6 44. b5 g6 45. Qb4 Rd3 46. Qc4 Rc3 47. Qd5 Re7 48. Qd8 Kg7 49. Qb8 Rd3 50. b6 axb6 51. Kg2 Rd2 0-1

[Event "Titled Tuesday intern op 10th Sep Late"]
[Site "Chess,com INT"]
[Date "2024.09.10"]
[Round "5"]
[White "Malakhov, Vladimir"]
[Black "Ankerst, Mihael"]
[Result "1-0"]
[WhiteElo "2642"]
[BlackElo "2358"]
[PlyCount "117"]
[EventDate "2024.09.10"]
[EventType "swiss (blitz)"]
[EventRounds "11"]
[EventCountry "USA"]
[SourceTitle "EXT 2025"]
[Source "ChessBase"]
[SourceDate "2024.10.14"]
[SourceVersion "1"]
[SourceVersionDate "2024.10.14"]
[SourceQuality "1"]

1. e4 c5 2. Nf3 Qb6 3. g3 Nc6 4. Bg2 Nf6 5. Nc3 d6 6. 0-0 e6 7. Re1 Be7 8. a3 Bd7 9. b4 cxb4 10. axb4 Nxb4 11. Rb1 Qa5 12. e5 dxe5 13. Nxe5 Qc7 14. Ba3 a5 15. Nxd7 Qxd7 16. Qf3 Rb8 17. Bxb4 axb4 18. Ne4 Nxe4 19. Rxe4 Qxd2 20. Rd1 Qxc2 21. Rf4 0-0 22. Bf1 Qc6 23. Qg4 Rbd8 24. Rc4 Qa4 25. Rdc1 h6 26. Rc7 Bg5 27. Rb1 Bd2 28. Qe4 b6 29. Bd3 g6 30. h4 Qa3 31. Bc2 Qa2 32. h5 Qd5 33. hxg6 Qxe4 34. Bxe4 f5 35. Bc2 Rf6 36. Bb3 Rxg6 37. Rd1 f4 38. Rc2 fxg3 39. Rcxd2 gxf2+ 40. Kxf2 Rxd2+ 41. Rxd2 Kf7 42. Rd4 Ke7 43. Rxb4 e5 44. Rb5 Rd6 45. Rxe5+ Kd7 46. Ke3 Kc6 47. Ba4+ Kb7 48. Bb5 Kc7 49. Re7+ Kd8 50. Rh7 Rd5 51. Bd3 Rd6 52. Ke4 Kc8 53. Bc4 Kd8 54. Bd5 Kc8 55. Ke5 Rg6 56. Be6+ Kb8 57. Kd6 b5 58. Re7 b4 59. Kc6 1-0

[Event "Titled Tuesday intern op 10th Sep Late"]
[Site "Chess,com INT"]
[Date "2024.09.10"]
[Round "8"]
[White "Malakhov, Vladimir"]
[Black "Jeet, Jain"]
[Result "1/2-1/2"]
[WhiteElo "2642"]
[BlackElo "2301"]
[PlyCount "84"]
[EventDate "2024.09.10"]
[EventType "swiss (blitz)"]
[EventRounds "11"]
[EventCountry "USA"]
[SourceTitle "EXT 2025"]
[Source "ChessBase"]
[SourceDate "2024.10.14"]
[SourceVersion "1"]
[SourceVersionDate "2024.10.14"]
[SourceQuality "1"]

1. d4 d6 2. Nf3 Nf6 3. g3 g6 4. Bg2 Bg7 5. 0-0 0-0 6. c4 Nbd7 7. Nc3 e5 8. e3 Re8 9. Qc2 c6 10. b3 a6 11. dxe5 dxe5 12. Rd1 Qc7 13. Ba3 Bf8 14. Bxf8 Nxf8 15. c5 Bf5 16. Qb2 Rad8 17. Na4 Rxd1+ 18. Rxd1 Bg4 19. h3 Bxf3 20. Bxf3 Kg7 21. Be2 h5 22. Bc4 Ne6 23. Bxe6 Rxe6 24. Qd2 h4 25. g4 Nd5 26. e4 Nf4 27. Kh2 Re7 28. Qd6 Ne6 29. Qxc7 Rxc7 30. Rd6 Kf8 31. f3 Ke7 32. b4 Rd7 33. Rxd7+ Kxd7 34. Nb6+ Kc7 35. Nc4 f6 36. a3 Ng5 37. Kg2 Nf7 38. Kf2 g5 39. Kg2 Kd7 40. Kf2 Kc7 41. Kg2 Kd7 42. Kf2 Kc7 1/2-1/2